Premier League Hat-Tricks - Statistics

General Stats
  • This quiz has been taken 69 times
  • The average score is 97 of 139
Answer Stats
Season For Against Nation Player % Correct
2009/10 Chelsea Wigan Athletic Ivory Coast Didier Drogba
95%
2010/11 Chelsea West Bromwich Albion Ivory Coast Didier Drogba
95%
2014/15 Tottenham Hotspur Leicester City England Harry Kane
95%
2015/16 Tottenham Hotspur Bournemouth England Harry Kane
95%
2016/17 Tottenham Hotspur West Bromwich Albion England Harry Kane
95%
2016/17 Tottenham Hotspur Stoke City England Harry Kane
95%
2016/17 Tottenham Hotspur ( 4 Goals ) Leicester City England Harry Kane
95%
2016/17 Tottenham Hotspur Hull City England Harry Kane
95%
2017/18 Tottenham Hotspur Burnley England Harry Kane
95%
2017/18 Tottenham Hotspur Southampton England Harry Kane
95%
2011/12 Manchester City Wigan Athletic Argentina Sergio Aguero
95%
2014/15 Manchester City ( 4 Goals ) Tottenham Hotspur Argentina Sergio Aguero
95%
2014/15 Manchester City QPR Argentina Sergio Aguero
95%
2015/16 Manchester City ( 5 Goals ) Newcastle United Argentina Sergio Aguero
95%
2015/16 Manchester City Chelsea Argentina Sergio Aguero
95%
2017/18 Manchester City Watford Argentina Sergio Aguero
95%
2017/18 Manchester City Newcastle United Argentina Sergio Aguero
95%
2017/18 Manchester City ( 4 Goals ) Leicester City Argentina Sergio Aguero
95%
2018/19 Manchester City Huddersfield Town Argentina Sergio Aguero
95%
2018/19 Manchester City Arsenal Argentina Sergio Aguero
95%
2018/19 Manchester City Chelsea Argentina Sergio Aguero
95%
2019/20 Manchester City Aston Villa Argentina Sergio Aguero
95%
2009/10 Manchester United ( 4 Goals ) Hull City England Wayne Rooney
95%
2010/11 Manchester United West Ham United England Wayne Rooney
95%
2011/12 Manchester United Arsenal England Wayne Rooney
95%
2011/12 Manchester United Bolton Wanderers England Wayne Rooney
95%
2017/18 Everton West Ham United England Wayne Rooney
95%
2011/12 Newcastle United Blackburn Rovers Senegal Demba Ba
93%
2011/12 Newcastle United Stoke City Senegal Demba Ba
93%
2009/10 Chelsea ( 4 Goals ) Aston Villa England Frank Lampard
91%
2011/12 Chelsea Bolton Wanderers England Frank Lampard
91%
2011/12 Liverpool Norwich City Uruguay Luis Suarez
88%
2012/13 Liverpool Norwich City Uruguay Luis Suarez
88%
2012/13 Liverpool Wigan Athletic Uruguay Luis Suarez
88%
2013/14 Liverpool West Bromwich Albion Uruguay Luis Suarez
88%
2013/14 Liverpool ( 4 Goals ) Norwich City Uruguay Luis Suarez
88%
2013/14 Liverpool Cardiff City Uruguay Luis Suarez
88%
2017/18 Liverpool ( 4 Goals ) Watford Egypt Mohamed Salah
88%
2018/19 Liverpool Bournemouth Egypt Mohamed Salah
88%
2020/21 Liverpool Leeds United Egypt Mohamed Salah
88%
2016/17 Leicester City Manchester City England Jamie Vardy
86%
2019/20 Leicester City Southampton England Jamie Vardy
86%
2020/21 Leicester City Manchester City England Jamie Vardy
86%
2010/11 Manchester United Liverpool Bulgaria Dimitar Berbatov
84%
2010/11 Manchester United ( 5 Goals ) Blackburn Rovers Bulgaria Dimitar Berbatov
84%
2010/11 Manchester United Birmingham City Bulgaria Dimitar Berbatov
84%
2011/12 Manchester United Wigan Athletic Bulgaria Dimitar Berbatov
84%
2010/11 Arsenal Wigan Athletic Netherlands Robin Van Persie
81%
2011/12 Arsenal Chelsea Netherlands Robin Van Persie
81%
2011/12 Arsenal Fulham Netherlands Robin Van Persie
81%
2012/13 Manchester United Southampton Netherlands Robin Van Persie
81%
2012/13 Manchester United Aston Villa Netherlands Robin Van Persie
81%
2014/15 Southampton Aston Villa Senegal Sadio Mane
81%
2015/16 Southampton Manchester City Senegal Sadio Mane
81%
2013/14 Chelsea Newcastle United Belgium Eden Hazard
79%
2018/19 Chelsea Cardiff City Belgium Eden Hazard
79%
2009/10 Manchester City Blackburn Rovers Argentina Carlos Tevez
77%
2009/10 Manchester City Wigan Athletic Argentina Carlos Tevez
77%
2010/11 Manchester City West Bromwich Albion Argentina Carlos Tevez
77%
2011/12 Manchester City Norwich City Argentina Carlos Tevez
77%
2020/21 Tottenham Hotspur ( 4 Goals ) Southampton South Korea Heung-Min Son
77%
2015/16 Manchester City Bournemouth England Raheem Sterling
77%
2018/19 Manchester City Watford England Raheem Sterling
77%
2019/20 Manchester City West Ham United England Raheem Sterling
77%
2019/20 Manchester City Brighton & Hove Albion England Raheem Sterling
77%
2015/16 Leicester City Swansea City Algeria Riyad Mahrez
77%
2020/21 Manchester City Burnley Algeria Riyad Mahrez
77%
2012/13 West Bromwich Albion Manchester United Belgium Romelu Lukaku
77%
2016/17 Everton Sunderland Belgium Romelu Lukaku
77%
2016/17 Everton ( 4 Goals ) Bournemouth Belgium Romelu Lukaku
77%
2009/10 Sunderland Bolton Wanderers England Darren Bent
74%
2010/11 Arsenal Blackpool England Theo Walcott
74%
2012/13 Arsenal Newcastle United England Theo Walcott
74%
2014/15 Arsenal West Bromwich Albion England Theo Walcott
74%
2015/16 Arsenal Leicester City Chile Alexis Sanchez
72%
2016/17 Arsenal West Ham United Chile Alexis Sanchez
72%
2012/13 Aston Villa Sunderland Belgium Christian Benteke
72%
2014/15 Aston Villa QPR Belgium Christian Benteke
72%
2012/13 Tottenham Hotspur Aston Villa Wales Gareth Bale
72%
2018/19 Liverpool Arsenal Brazil Roberto Firmino
72%
2011/12 Liverpool Everton England Steven Gerrard
72%
2014/15 Chelsea Swansea City Spain Diego Costa
65%
2015/16 Arsenal Aston Villa France Olivier Giroud
65%
2020/21 Arsenal Leeds United Gabon Pierre-Emerick Aubameyang
65%
2013/14 Chelsea Manchester United Cameroon Samuel Eto'o
65%
2010/11 Liverpool Manchester United Netherlands Dirk Kuyt
63%
2011/12 Manchester City ( 4 Goals ) Tottenham Hotspur Bosnia-Herzegovina Edin Dzeko
63%
2010/11 Manchester City Aston Villa Italy Mario Balotelli
63%
2019/20 Manchester City Watford Portugal Bernardo Silva
60%
2015/16 Bournemouth West Ham United England Callum Wilson
60%
2017/18 Bournemouth Huddersfield Town England Callum Wilson
60%
2011/12 Chelsea QPR Spain Fernando Torres
60%
2015/16 Sunderland Swansea City England Jermain Defoe
60%
2016/17 Bournemouth West Ham United Norway Joshua King
60%
2009/10 Chelsea Stoke City Ivory Coast Salomon Kalou
60%
2012/13 Manchester United Norwich City Japan Shinji Kagawa
60%
2019/20 Norwich City Newcastle United Finland Teemu Pukki
60%
2010/11 Newcastle United Aston Villa England Andy Carroll
58%
2015/16 West Ham United Arsenal England Andy Carroll
58%
2013/14 Manchester City Fulham Ivory Coast Yaya Toure
58%
2011/12 Fulham Newcastle United United States Clint Dempsey
56%
2017/18 Arsenal Everton Wales Aaron Ramsey
53%
2018/19 Newcastle United Southampton Spain Ayoze Perez
53%
2019/20 Leicester City Southampton Spain Ayoze Perez
53%
2019/20 West Ham United ( 4 Goals ) Norwich City England Michail Antonio
53%
2018/19 Wolves Leicester City Portugal Diogo Jota
51%
2018/19 Tottenham Hotspur Huddersfield Town Brazil Lucas Moura
51%
2020/21 Aston Villa Liverpool England Ollie Watkins
51%
2020/21 Leeds United Aston Villa England Patrick Bamford
51%
2012/13 Arsenal Reading Spain Santi Cazorla
51%
2013/14 Chelsea Fulham Germany Andre Schurrle
49%
2019/20 Manchester United Sheffield United France Anthony Martial
49%
2019/20 Chelsea Burnley United States Christian Pulisic
49%
2012/13 Liverpool Fulham England Daniel Sturridge
47%
2020/21 Everton West Bromwich Albion England Dominic Calvert-Lewin
47%
2016/17 West Bromwich Albion Swansea City Venezuela Salomon Rondon
47%
2015/16 Everton Chelsea Scotland Steven Naismith
47%
2019/20 Chelsea Wolves England Tammy Abraham
47%
2011/12 Blackburn Rovers ( 4 Goals ) Swansea City Nigeria Yakubu
47%
2010/11 Liverpool Birmingham City Argentina Maxi Rodriguez
44%
2010/11 Liverpool Fulham Argentina Maxi Rodriguez
44%
2011/12 West Bromwich Albion Wolves Nigeria Peter Odemwingie
44%
2017/18 Chelsea Stoke City Spain Alvaro Morata
42%
2010/11 Everton ( 4 Goals ) Blackpool France Louis Saha
42%
2015/16 Newcastle United ( 4 Goals ) Norwich City Netherlands Georginio Wijnaldum
37%
2014/15 Stoke City QPR Ireland Jonathan Walters
37%
2014/15 Crystal Palace Sunderland DR Congo Yannick Bolasie
37%
2014/15 QPR West Bromwich Albion England Charlie Austin
35%
2018/19 Watford Cardiff City Spain Gerard Deulofeu
33%
2010/11 Newcastle United Sunderland England Kevin Nolan
30%
2012/13 West Ham United Reading England Kevin Nolan
30%
2013/14 Sunderland Fulham England Adam Johnson
28%
2011/12 Fulham QPR England Andrew Johnson
28%
2015/16 Everton Sunderland Ivory Coast Arouna Kone
28%
2012/13 Wigan Athletic Reading Spain Jordi Gomez
21%
2016/17 Burnley Sunderland England Andre Gray
19%
2011/12 Fulham Wolves Russia Pavel Pogrebnyak
19%
2010/11 Newcastle United West Ham United Ireland Leon Best
14%
2010/11 West Bromwich Albion Newcastle United Cameroon Somen Tchoyi
9%
No matching quizzes found
Score Distribution
Percent of People with Each Score
Percentile by Number Answered
Your Score History
You have not taken this quiz